-
KUMAR, DR. VERENDRA AND ADKARPATIL, DR. PRAFULLA P
Entry Personal Name
Number of records used in: 1
001 - CONTROL NUMBER
003 - CONTROL NUMBER IDENTIFIER
005 - DATE AND TIME OF LATEST TRANSACTION
- control field:
20240919152306.0
008 - FIXED-LENGTH DATA ELEMENTS
- fixed length control field:
240919|| aca||aabn | a|a d
040 ## - CATALOGING SOURCE
- Original cataloging agency:
JRU
- Transcribing agency:
JRU
100 ## - HEADING--PERSONAL NAME
- Personal name:
KUMAR, DR. VERENDRA AND ADKARPATIL, DR. PRAFULLA P
670 ## - SOURCE DATA FOUND
- Source citation:
Work cat.: (JRU)8687: KUMAR, DR. VERENDRA AND ADKARPATIL, DR. PRAFULLA P. , SOCIAL PHARMACY [D.PHARMA, 1ST SEMESTER]